000 00348nam a2200157Ia 4500
003 Ost
005 20260225132558.0
008 260225s9999||||xx |||||||||||||| ||und||
040 _cfsic
041 _afre
082 _a302.23
100 _aH.H.Schultz
_eAuteur
245 0 _aPratique du journalisme /
245 0 _cH.H.Schultz
942 _cكتاب
999 _c34562
_d34562